حكايات اندلسية / (Record no. 62896)
[ view plain ]
| 000 -الفاتح | |
|---|---|
| حقل البيانات ثابتة الطول | 00899nam a22002297a 4500 |
| 005 - وقت وتاريخ اخر تعامل مع التسجيلة | |
| رقم الضبط | 20240530110613.0 |
| 008 - عناصر البيانات ثابتة الطول - معلومات عامة | |
| حقل البيانات ثابتة الطول | 161123s2014 ua g 00| jaara d |
| 017 ## - رقم الايداع القانونى | |
| رقم الايداع القانونى | 2013/16182 |
| المصدر ( الهيئة المختصة) | مصر . دار الكتب |
| 020 ## - الرقم الدولى المعيارى للكتب | |
| الرقم الدولى المعيارى للكتاب | 9789774278426 |
| 040 ## - مصدر الفهرسة | |
| وكالة الفهرسة الأصلية | EG-CaGPL |
| 082 04 - رقم تصنيف ديوى العشرى | |
| رقم الطبعة | 21 |
| رقم التصنيف | 839.893 / |
| رقم المادة | ا ح |
| 100 1# - المدخل الرئيسى - إسم شخصى | |
| الإسم الشخصى | اندرسن ، هانز كريستيان |
| 245 10 - بيان العنوان | |
| العنوان | حكايات اندلسية / |
| بيان المسئوليه,etc | هانز كريستيان اندرسن ؛ ترجمة الدكتور توفيق على منصور . |
| 250 ## - بيان الطبعة | |
| بيان الطبعة | ط .1 . |
| 260 ## - PUBLICATION, DISTRIBUTION, ETC. (IMPRINT) | |
| تاريخ النشر أو التوزيع | 2014 . |
| 300 ## - الوصف المادى | |
| التعداد | 317 ص. ؛ |
| أبعاد الوعاء | 20سم . |
| 650 07 - المدخل الاضافى بالموضوع-مصطلح موضوعى | |
| مصطلح موضوعي | القصص الدنماركية المترجمة |
| 650 07 - المدخل الاضافى بالموضوع-مصطلح موضوعى | |
| مصطلح موضوعي | الادب الشعبى |
| التقسيم الفرعي العام | الدنمارك |
| 700 0# - المدخل الاضافى - اسم شخصى | |
| الإسم الشخصى | توفيق على منصور |
| الدور | مترجم |
| 942 ## - عناصر المدخل الإضافي( كوها) | |
| مصدر التصنيف او مخطط الترفيف | Dewey Decimal Classification |
| Koha [default] item type | كتاب |
| 260 ## - PUBLICATION, DISTRIBUTION, ETC. (IMPRINT) | |
| -- | القاهرة : |
| -- | الدار المصرية اللبنانية ، |
| حالة التراجع | حالة الفقد | حالة تلف | ليس للاعارة | المكان المؤقت | الموقع الحالى | موقع الترفيف | تاريخ الاكتساب | اجمالي اﻻعارات | رقم الطلب | الباركود | تاريخ اخر مشاهدة | تاريخ تفعيل السعر | نوع وعاء كوها |
|---|---|---|---|---|---|---|---|---|---|---|---|---|---|
| مكتبة القاهرة الكبرى | مكتبة القاهرة الكبرى | القاعة الرئيسية | 11/23/2016 | 839.893 / ا ح | 162806 | 11/23/2016 | 11/23/2016 | كتاب |

